000 00612nam a2200217Ia 4500
005 20250508163800.0
008 008 250505s9999 xx 000 0 eng d
020 _a0-7619-5602-6
037 _aReference
040 _aFEDL
_beng
_cFEDL
041 _aeng
_2eng
084 _a152.4, LUP
_qFEDL
100 _aLupton Deborah
_9290904
245 0 _aEmotional self: A sociocultural exploration
260 _aLondon, UK
_bSage Publications
_c1998
300 _a195p.
365 _aGBP
_b13.99
650 _aEmotional and feelings
_9776325
942 _cREF
_h152.4, LUP
999 _c1385217
_d1385217